| 000 | 01938cam a22003015a 4500 | ||
|---|---|---|---|
| 001 | 15651905 | ||
| 005 | 20151026125248.0 | ||
| 008 | 090306s2009 ilua frb 001 0 eng d | ||
| 020 | _a9780226470764 (pbk. : alk. paper) | ||
| 020 | _a0226470768 (pbk. : alk. paper) | ||
| 040 |
_aICU/DLC _cDLC _dDLC _dEG-ScBUE _beng |
||
| 043 | _an-us--- | ||
| 082 | 0 | 4 |
_a328.73071 _222 _bLEE |
| 100 | 1 |
_aLee, Frances E. _938579 |
|
| 245 | 1 | 0 |
_aBeyond ideology : _bpolitics, principles, and partisanship in the U.S. Senate / _cFrances E. Lee. |
| 260 |
_aChicago ; _aLondon : _bThe University of Chicago Press, _c2009. |
||
| 300 |
_axiii, 250 p. : _bill. ; _c24 cm. |
||
| 500 | _aIndex : p. 245-250. | ||
| 504 | _aBibliography : p. [231]-244. | ||
| 505 | 0 | _aTies that bind: untangling the roots of congressional partisanship -- Before 'ideology': a conceptual history -- Sources of party conflict: ideological disagreement and teamsmanship -- Dividers, not uniters: presidential leadership and legislative partisanship -- The partisan politics of good government -- Procedural partisanship: intra-party dealmaking and partisan bloc voting -- Agreeing to disagree, or disagreeing to agree: agenda content and rising -- Partisanship -- Beyond ideology: returning to politics -- Appendix A. Coding the presidential agenda status of roll-call votes -- Appendix B. Does party polarization on an issue topic increase the likelihood that presidents will include the issue on their agenda? -- Appendix C. Estimates of multinomial logit model of partisan voting patterns on Senate roll-call votes, 1981-2004. | |
| 610 | 1 | 0 |
_aUnited States. _bCongress. _bSenate. |
| 650 | 0 |
_aPolitical parties _zUnited States. _2BUEsh |
|
| 651 | 0 |
_aUnited States _xPolitics and government _y20th century. _2BUEsh |
|
| 651 | 0 |
_aUnited States _xPolitics and government _y21st century. _2BUEsh _922791 |
|
| 653 |
_bBUSBOL _cOctober2015 |
||
| 655 |
_vReading book _934232 |
||
| 942 | _2ddc | ||
| 999 |
_c20987 _d20959 |
||